000 00208nam a2200085Ia 4500
008 120527s9999 xx 000 0 und d
100 _aPehijohn,F.
245 _aSources notable selections in social
942 _cBK
999 _c27509
_d27509